Statistics for Expensive Car Quiz #9

Click here to take the quiz!

General Stats

  • This quiz has been taken 29 times
    (27 since last reset)
  • The average score is 10 of 15

Answer Stats

ManufactureBase priceCar% Correct
Bugatti$1,700,000+Veyron
95%
Pagani$1,300,000Huayra
89%
McLaren$1,350,000P1
89%
Ferrari$1,200,000(est.)LaFerrari
79%
Koenigsegg$1,600,000Agera R
79%
Aston Martin$1,850,000One-77
79%
Zenvo$1,225,000ST1
79%
Lamborghini$3,900,000Veneno
74%
Hennessey$1,000,000Venom GT (1200hp model)
74%
Lamborghini$2,200,000-$2,900,000Sesto Elemento
68%
Lamborghini$1,600,000Reventon
53%
Mercedes-Benz$1,500,000CLK GTR
47%
Mercedes-Benz$1,100,000SLR McLaren Stirling Moss
32%
Maybach$1,380,000Landaulet
32%
Schuppan$1,500,000 (1994)962CR
11%

Score Distribution

Percentile by Number Answered

Percent of People with Each Score

Your Score History

You have not taken this quiz since the last reset